| Tag |
First Indicator |
Second Indicator |
Subfields |
| LEADER |
00000cam a2200000 i 4500 |
| 001 |
in00004098103 |
| 005 |
20211120103327.0 |
| 006 |
m o d f |
| 007 |
cr bn||||||||| |
| 008 |
190306s2015 vauab ob f000 0 eng c |
| 035 |
|
|
|a (OCoLC)on1089292597
|
| 042 |
|
|
|a pcc
|
| 043 |
|
|
|a n-us-or
|
| 040 |
|
|
|a COP
|b eng
|e rda
|e pn
|c COP
|d OCLCO
|d OCLCF
|d OCLCA
|d GPO
|d MvI
|
| 049 |
|
|
|a WWW
|
| 074 |
|
|
|a 0624-H (online)
|
| 086 |
0 |
|
|a I 19.76:2015-1220
|
| 100 |
1 |
|
|a Kock, Tobias J.,
|e author.
|
| 245 |
1 |
0 |
|a Behavior, passage, and downstream migration of juvenile Chinook salmon from Detroit Reservoir to Portland, Oregon, 2014-15 /
|c by Tobias J. Kock [and seven others].
|
| 264 |
|
1 |
|a Reston, Virginia :
|b U.S. Department of the Interior, U.S. Geological Survey,
|c 2015.
|
| 300 |
|
|
|a 1 online resource (vi, 30 pages) :
|b color illustrations, maps.
|
| 336 |
|
|
|a text
|b txt
|2 rdacontent
|
| 337 |
|
|
|a computer
|b c
|2 rdamedia
|
| 338 |
|
|
|a online resource
|b cr
|2 rdacarrier
|
| 490 |
1 |
|
|a Open-file report ; ;
|v 2015-1220
|
| 588 |
|
|
|a Title from title screen (viewed March 6, 2019)
|
| 500 |
|
|
|a "Prepared in cooperation with the U.S. Army Corps of Engineers."
|
| 504 |
|
|
|a Includes bibliographical references (pages 28-30).
|
| 650 |
|
0 |
|a Chinook salmon
|x Migration
|z Oregon.
|
| 650 |
|
0 |
|a Chinook salmon
|x Mortality
|z Oregon.
|
| 650 |
|
0 |
|a Chinook salmon
|x Effect of dams on
|z Oregon.
|
| 650 |
|
0 |
|a Survival analysis (Biometry)
|
| 650 |
|
7 |
|a Chinook salmon
|x Effect of dams on.
|2 fast
|0 (OCoLC)fst00857785
|
| 650 |
|
7 |
|a Chinook salmon
|x Migration.
|2 fast
|0 (OCoLC)fst00857796
|
| 650 |
|
7 |
|a Chinook salmon
|x Mortality.
|2 fast
|0 (OCoLC)fst00857797
|
| 650 |
|
7 |
|a Survival analysis (Biometry)
|2 fast
|0 (OCoLC)fst01139649
|
| 651 |
|
7 |
|a Oregon.
|2 fast
|0 (OCoLC)fst01204579
|
| 710 |
2 |
|
|a Geological Survey (U.S.),
|e issuing body.
|
| 710 |
1 |
|
|a United States.
|b Army.
|b Corps of Engineers.
|
| 830 |
|
0 |
|a U.S. Geological Survey open-file report ;
|v 2015-1220.
|
| 856 |
4 |
0 |
|u https://purl.fdlp.gov/GPO/gpo128027
|t 0
|
| 999 |
f |
f |
|s 4b71e520-c562-3887-8b54-9bc44fdc24e6
|i c2670d99-bff0-351c-a2ed-2212e451a2f2
|t 0
|
| 952 |
f |
f |
|a Texas A&M University
|b College Station
|c Electronic Resources
|d Available Online
|t 0
|e I 19.76:2015-1220
|h Superintendent of Documents classification
|
| 998 |
f |
f |
|a I 19.76:2015-1220
|t 0
|l Available Online
|